Percy Jackson y los dioses del Olimpo /
La historia está ambientada en los Estados Unidos en la época actual pero está basada en un suceso destacado en la mitología griega. El protagonista es Percy Jackson, un joven hijo de Poseidón, dios del mar y los terremotos. Un día descubre que todos los mitos de la antigua Grecia son reales junto c...
Guardado en:
| Autor Principal: | |
|---|---|
| Formato: | Libro |
| Idioma: | Undetermined |
| Publicado: |
Barcelona :
Salamandra,
2013.
|
| Edición: | 1era. ed. |
| Series: | Narrativa joven
|
| Materias: | |
| Etiquetas: |
Agregar Etiqueta
Sin Etiquetas, Sea el primero en etiquetar este registro!
|
| LEADER | 01036nam a22002175a 4500 | ||
|---|---|---|---|
| 001 | CEM.cems021257 | ||
| 008 | 240627s2013####sp############000#0#und#d | ||
| 005 | 20240627120352.0 | ||
| 245 | 1 | 0 | |a Percy Jackson y los dioses del Olimpo / |c Riordan, Rick. |
| 250 | |a 1era. ed. | ||
| 260 | |a Barcelona : |b Salamandra, |c 2013. | ||
| 300 | |a 288 p. ; |c 22 cm. | ||
| 490 | 1 | |a Narrativa joven | |
| 520 | |a La historia está ambientada en los Estados Unidos en la época actual pero está basada en un suceso destacado en la mitología griega. El protagonista es Percy Jackson, un joven hijo de Poseidón, dios del mar y los terremotos. Un día descubre que todos los mitos de la antigua Grecia son reales junto con sus respectivos dioses, que moran en el Olimpo, ahora situado en el piso 600 del Empire State Building. | ||
| 020 | |a 9789878001982 | ||
| 100 | 1 | |a Riordan, Rick. | |
| 082 | 0 | 4 | |a 813 |
| 653 | |a Literatura juvenil | ||
| 653 | |a Novelas juveniles | ||
| 653 | |a Novela de aventuras | ||
| 859 | |a CEMS |b BIB. CEMS - Agricultura |h 813.9 |i R585 |p A3687.24 |t Ej.1 | ||
